000 nam a22 a 4500
999 _c149428
_d149428
003 BLK
005 20220530154500.0
008 180410b bul|||||r ||||||| ||bul||
010 _aKNG00155685000
040 _aBLK
041 _aBUL
_cBUL
080 _aВоенна история - Военни походи, битки, героични подвизи. Вж и 93/99
_b355.48
_x(092)
_z355.48(092)
100 1 _aБратанов, Димитър Цочев
_eпърви автор
_9369300
139 _aБратанов, Димитър Цочев
_bБ 78
245 1 0 _aХора от окопите
_bСпомени от Отечествената война
_cДимитър Цочев Братанов.
257 _aBGR
260 _aСофия
_bДърж. воен. изд.
_c1966
300 _a271 с.
_c22 см
380 _a3
490 1 _aВоенни мемоари
650 4 _aОтечествена война на България, 1944-1945
_9250649
653 _aОтечествена война
852 _aЦб 37508
856 4 _qpdf
856 4 _qpdf
942 _cKNG
_n0
_s1
944 _aCR
_c16.01.2014
_l16.01.2014 - от С1,Р / 16.01.2014
_kКина_Георгиева
944 _aED
_c2022-05-30
_l16.01.2014 - от С1,Р / 16.01.2014
999 _d149428